000
00333nam a2200145Ia 4500
005
20251222144907.0
008
251222s9999||||xx |||||||||||||| ||spa||
020
_a
9972995402
082
_a
711.4/L96
100
_a
LudeƱa Urquizo, Wiley
245
0
_a
Tres Buenos Tigres:
250
_a
1ra. Ed.
264
_b
Urbles
942
_c
LIB
999
_c
22186
_d
22186